000 00730nam a22002177a 4500
999 _c17087
_d17087
003 AR-CdUCM
008 190507b ||||| |||| 00| 0 spa d
040 _aMUNICIPALIDAD PROVINCIAL DEL CUSCO
_cBIBLIOTECA MUNICIPAL DEL CUSCO
082 _28ed
_a869.26 /
_bC781
100 _aCortázar, Julio
_9909
245 _aLos premios /
260 _aBuenos Aires :
_bEdit. Sudamericana,
_c1968.
300 _a425 páginas ;
_c18 cm.
440 _aColección novelistas latinoamericanos
_936919
505 _aContenido: Primer día -- Segundo día -- Tercer día...
650 _aNovelas argentinas
_99625
650 _aSiglo XX
_98
650 _aNovelistas Latinoamericanos
_936920
942 _2ddc
_cLIBROS
945 _adavv
_d07/05/2019